Los derechos de los niños con discapacidad (Registro nro. 9754)
[ vista simple ]
| 000 -Cabecera | |
|---|---|
| Campo de control de longitud fija | 00679nam a22002537a 4500 |
| 005 - Fecha y hora de la última transacción | |
| Campo de control | 20241129142412.0 |
| 008 - Elementos de longitud fija--Información general | |
| Campo de control de longitud fija | 170821b2008 xxu||||| |||| 00| 0 spa d |
| 020 ## - International Standard Book Number | |
| Número Internacional Estándar del Libro (ISBN) | 9789682482090 |
| 041 ## - Idioma | |
| Código de idioma | Español |
| 082 ## - Clasificación Decimal Dewey | |
| Número de clasificación | 346.013 F929d |
| 100 ## - Entrada principal--Autor personal | |
| Nombre personal | Frola Ruíz, Patricia |
| 9 (RLIN) | 43843 |
| 245 ## - Título propiamente dicho | |
| Título | Los derechos de los niños con discapacidad |
| 260 ## - Pie de imprenta | |
| Lugar de publicación, distribución, etc. | México |
| 260 ## - Pie de imprenta | |
| Nombre del editor, distribuidor, etc. | Trillas |
| 260 ## - Pie de imprenta | |
| Fecha de publicación, distribución, etc. | 2013 |
| 300 ## - Descripción física | |
| Extensión | 96 páginas |
| 650 ## - Materia general | |
| Temática (materia general) | DERECHOS DEL NIÑO |
| 650 ## - Materia general | |
| Temática (materia general) | NIÑOS CON NECESIDADES ESPECIALES |
| 650 ## - Materia general | |
| Temática (materia general) | EDUCACIÓN PRESCOLAR |
| 650 ## - Materia general | |
| Temática (materia general) | TRASTORNOS DEL APRENDIZAJE |
| 650 ## - Materia general | |
| Temática (materia general) | EDUCACIÓN ESPECIAL |
| 650 ## - Materia general | |
| Temática (materia general) | NIÑOS EXCEPCIONALES |
| 942 ## - Punto de acceso adicional KOHA | |
| Tipo de ítem KOHA | Libro |
| Fuente del sistema de clasificación o colocación | Dewey Decimal Classification |
| Signatura completa | Código de barras | Tipo de ítem |
|---|---|---|
| 346.013 F929d | 22591 | Libro |